LEADER 02009nam 2200409 n 450 001 996385835303316 005 20200824121200.0 035 $a(CKB)1000000000606484 035 $a(EEBO)2248567428 035 $a(UnM)99853247e 035 $a(UnM)99853247 035 $a(EXLCZ)991000000000606484 100 $a19920609d1631 uy | 101 0 $aeng 135 $aurbn||||a|bb| 200 10$aEnchiridion arithmeticon, or A manuel of millions$b[electronic resource] $econtaining therein mens accompts ready computed, or made vp. Whereby they may suddenly know the true value of any commodity, at any price whatsoever. And how to resolve many millions of questions, either in reduction, or the golden-rule, without any use of multiplication or division. In so plain a maner that an ordinary capacity may perceive, and after such an infallible way, as no doubt can (justly) be made thereof. For ease and expedition the like hath not bin published 210 $aLondon $cPrinted by M. Flesher, and are to be sold in Southwark, within the closse, neare St Mary Overies Church, at the house of Richard Hodges a School-master, the author thereof$d1631 215 $a[168] p 300 $aSignatures: A-K L⁴. 300 $aAll copies listed in STC have had the date in the imprint altered. This copy has the last digit altered by pen to "4"--STC. 300 $aFormerly also STC 13549. 300 $aIdentified as STC 13549 on UMI microfilm. 300 $aReproduction of the original in the Bodleian Library. 330 $aeebo-0014 606 $aMoney$vTables$vEarly works to 1800 606 $aWeights and measures$vTables$vEarly works to 1800 615 0$aMoney 615 0$aWeights and measures 700 $aHodges$b Richard$cSchool-Master.$0126611 801 0$bCu-RivES 801 1$bCu-RivES 801 2$bCStRLIN 801 2$bWaOLN 906 $aBOOK 912 $a996385835303316 996 $aEnchiridion arithmeticon, or A manuel of millions$92371186 997 $aUNISA LEADER 01555nam 2200409 n 450 001 996394887803316 005 20221108043102.0 035 $a(CKB)3810000000009565 035 $a(EEBO)2264214120 035 $a(UnM)9928087500971 035 $a(UnM)99829155 035 $a(EXLCZ)993810000000009565 100 $a19950524d1682 uy | 101 0 $aeng 135 $aurbn||||a|bb| 200 12$aA godly sermon of Peter's repentance$b[electronic resource] $eafter he had denyed his Lord and master Jesus Christ, as it is in his repentance, he wept bittrely for his sins. The fourteenth edition, corrected and enlarged, and set forth for the good of all those that truly fear God. By a godly pastor 210 $aLondon $cprinted for J. Wright, J. Clarke, W. Thackeray, and T. Passenger$d1682 215 $a[24] p. $cill 300 $aGodly pastor = John Hart, D.D. 300 $aRunning title reads: Peter's sermon of repentance. 300 $aWith a final advertisement leaf. 300 $aSignatures: A B⁴. 300 $aReproduction of the original in the Magdalene College Library, Cambridge. 330 $aeebo-0085 606 $aRepentance$vEarly works to 1800 606 $aSermons, English$y17th century 615 0$aRepentance 615 0$aSermons, English 700 $aHart$b John$cD.D.$0195672 801 0$bCu-RivES 801 1$bCu-RivES 801 2$bCStRLIN 801 2$bWaOLN 906 $aBOOK 912 $a996394887803316 996 $aA godly sermon of Peter's repentance$92355572 997 $aUNISA